Szép mű világ, avagy a megtalált illúziók

Elmentve itt :
Bibliográfiai részletek
Szerző: MURVAI Béla
Adatforrás:Meister
Forrásdokumentuma:Látó. -
3 sz., 1997, 84-91 p.
Nyelv:magyar
Kulcsszavak:filozófia
kultúra
tömeg
globalizáció
hősiesség
közösség
manipuláció
fogyasztás
LEADER 00522nab a2200205 i 4500
001 bibPRO00010252
008 060524s1997 xx hun
040 |a Sz1 
041 |a hun 
100 1 |a MURVAI Béla 
245 1 0 |a Szép mű világ, avagy a megtalált illúziók  |c MURVAI Béla 
695 |a filozófia 
695 |a kultúra 
695 |a tömeg 
695 |a globalizáció 
695 |a hősiesség 
695 |a közösség 
695 |a manipuláció 
695 |a fogyasztás 
773 0 |t Látó. -  |g 3 sz., 1997, 84-91 p.